នារីប្រពៃ​ : (Record no. 6230)

MARC details
000 -LEADER
fixed length control field 04032nam a22002297a 4500
001 - CONTROL NUMBER
control field 6230
003 - CONTROL NUMBER IDENTIFIER
control field FISKH
005 - DATE AND TIME OF LATEST TRANSACTION
control field 20251022121958.0
008 - FIXED-LENGTH DATA ELEMENTS--GENERAL INFORMATION
fixed length control field 250403b cb ||||| |||| 00| 0 eng d
020 ## - INTERNATIONAL STANDARD BOOK NUMBER
International Standard Book Number 9789924913818
Terms of availability $7.00
040 ## - CATALOGING SOURCE
Original cataloging agency FISKH
Language of cataloging khr
Transcribing agency FISKH
Modifying agency FISKH
050 ## - LIBRARY OF CONGRESS CALL NUMBER
Classification number Q141 .R45
082 ## - DEWEY DECIMAL CLASSIFICATION NUMBER
Classification number 509.22
100 ## - MAIN ENTRY--PERSONAL NAME
Personal name Thon, Thavry
245 ## - TITLE STATEMENT
Title នារីប្រពៃ​ :
Remainder of title រឿងពិតរបស់នារីម្នាក់ដែលបានពុះពារឧបសគ្គដើម្បីសម្រេចក្ដីសុបិន /
Statement of responsibility, etc. អ្នកនិពន្ធ ៖ ថុន ថាវរី ; អ្នកសម្រួលអត្ថបទ ៖ សុទ្ធ បុផា
260 ## - PUBLICATION, DISTRIBUTION, ETC.
Place of publication, distribution, etc. Phnom Penh :
Name of publisher, distributor, etc. Image Printing,
Date of publication, distribution, etc. 2019.
300 ## - PHYSICAL DESCRIPTION
Extent 236 pages :
Other physical details illustrations ;
Dimensions 18 cm
520 ## - SUMMARY, ETC.
Summary, etc. នេះជារឿងពិតរបស់ស្ត្រីវ័យក្មេងកម្ពុជាម្នាក់ដែលបានជម្នះតតាំងជាមួយនឹងបទដ្ធានសង្គម ហើយជាលិទ្ធផលជាងបានក្លាយជាជនគំរូ និងជាអ្នកលើកទឹកចិត្តដល់ស្ត្រីវ័យក្មេងជាច្រើននាក់។ ភាពធំធាត់នៅលើកោះមួយតាមដងទន្លេបាសាក់ជីវភាពសាមញ្ញខុសឆ្ងាយពីជីវិតស៉ីវិល័យ និងរស់នៅក្រោមគំនាបប្រពៃណីទំនៀមទម្លាប់ និងគំនិតដ៏ចាស់គំរឹលរបស់សង្គម រឿងរ៉ាវរបស់ “ថាវរី” គឺជាផ្នែកមួយដែលបានបណ្តុះស្មារតី និងលើកទឹកចិត្តដល់ស្ត្រីនៅជុំវិញពិភពលោក។ <br/><br/>ខណៈពេលដែលប្រទេសកម្ពុជាទើបតែងើបពីភ្លើងសង្គ្រាម ជីវិតនៅតាមជនបទភាគច្រើនបានវិលត្រឡប់ឱ្យកូនចៅឆាប់រៀបការ មានកូន ការប្រកបមុខរបរធ្វើស្រែចម្ការជាគ្រួសារ និង ការគោរពតាមការសម្រេចចិត្តរបស់ចាស់ទុំ ទាំងដែលយើងជាក្មេងមិនសូវមានសិទ្ធិបញ្ចេញយោបល់អ្វីទាំងអស់។ <br/><br/>ប៉ុន្តែដោយមានការគាំទ្រពីឪពុកម្តាយរបស់នាង ដែលពួកគាត់ធ្លាប់បានកុមារភាពដ៏លំបាកនាសម័យសង្គ្រាម ថាវរីត្រូវបានបង្រៀនឱ្យស្គាល់ពីតម្លៃនៃការអប់រំដែលវាជាមធ្យោបាយតែមួយគត់នៃការបំបែកខ្លួនចេញពីភាពល្ងង់ខ្លៅ និងបង្កើតភាពជាម្ចាស់ការលើជោគវាសនារបស់ខ្លួននាងផ្ទាល់។ <br/><br/>តាមរយៈសាច់រឿងរបស់នាង នាងបានបំផុសនិងលើកទឹកចិត្តដល់ស្ត្រីជាច្រើនឱ្យមានភាពជឿជាក់លើខ្លួនឯង ដឹកនាំជីវិតទៅរកក្តីស្រមៃ ជាពិសេស សេរីភាព ឯករាជ្យ និងអនាគតដ៏ត្រចះត្រចង់ដែលពួកគេចង់បាន។
650 ## - SUBJECT ADDED ENTRY--TOPICAL TERM
Topical term or geographic name entry element Biography
Form subdivision Sociology
General subdivision Nonfiction
942 ## - ADDED ENTRY ELEMENTS (KOHA)
Source of classification or shelving scheme Dewey Decimal Classification
Koha item type Khmer Books
Suppress in OPAC No
Holdings
Withdrawn status Lost status Source of classification or shelving scheme Damaged status Not for loan Collection Home library Current library Shelving location Date acquired Total Checkouts Full call number Barcode Date last seen Date last checked out Price effective from Koha item type
    Dewey Decimal Classification     Khmer Non-Fiction / សៀវភៅខ្មែរ រឿងពិត Footprints International School Library Network Toul Kork Campus Footprints International School Library Network Toul Kork Campus TK Campus, Room B402, Khmer Book Case 16, Shelves 112-123 / ទូរសៀវភៅខ្មែរលេខ ១៦​ ធ្នើរ ១១២ ដល់ ១២៣ បន្ទប់ B402 សាខាទួលគោក 04/03/2025 2 THA 920 DS554.T43 A3 2025-0948 02/02/2026 01/05/2026 04/03/2025 Khmer Books